<?xml version="1.0" encoding="UTF-8"?>
<record
    xmlns:xsi="http://www.w3.org/2001/XMLSchema-instance"
    xsi:schemaLocation="http://www.loc.gov/MARC21/slim http://www.loc.gov/standards/marcxml/schema/MARC21slim.xsd"
    xmlns="http://www.loc.gov/MARC21/slim">

  <leader>01204nam a22002297a 4500</leader>
  <datafield tag="999" ind1=" " ind2=" ">
    <subfield code="c">87060</subfield>
    <subfield code="d">87060</subfield>
  </datafield>
  <controlfield tag="005">20200116153901.0</controlfield>
  <datafield tag="010" ind1=" " ind2=" ">
    <subfield code="a">UR-8510   B-547772   B-665804</subfield>
  </datafield>
  <datafield tag="020" ind1=" " ind2=" ">
    <subfield code="a">9789380919508</subfield>
    <subfield code="c">400.00</subfield>
  </datafield>
  <datafield tag="035" ind1=" " ind2=" ">
    <subfield code="a">U-7065    B-547772  B-665804</subfield>
  </datafield>
  <datafield tag="037" ind1=" " ind2=" ">
    <subfield code="b">BPPD/Pub./Vend.</subfield>
  </datafield>
  <datafield tag="037" ind1=" " ind2=" ">
    <subfield code="b">DBAD/Pub.</subfield>
  </datafield>
  <datafield tag="082" ind1=" " ind2=" ">
    <subfield code="a">841.08</subfield>
  </datafield>
  <datafield tag="100" ind1=" " ind2=" ">
    <subfield code="a">&#x634;&#x627; &#x64A;&#x633;&#x62A;&#x6C1; &#x645;&#x642;&#x64A;&#x645;</subfield>
  </datafield>
  <datafield tag="245" ind1=" " ind2=" ">
    <subfield code="a">&#x62F; &#x6A9;&#x646;  &#x645;&#x6CC;&#x6BA;  &#x637;&#x646;&#x632; &#x648; &#x645;&#x632; &#x6C1; &#x6A9;&#x6CC; &#x631; &#x648; &#x627; &#x64A;&#x62A; &#x627;&#x648;&#x631; &#x645;&#x62C;&#x62A;&#x628;&#x6CC; &#x62D;&#x633;&#x64A;&#x646; &#x6A9;&#x6CC; &#x62E;&#x62F; &#x645;&#x627; &#x62A; /</subfield>
    <subfield code="c">&#x634;&#x627; &#x64A;&#x633;&#x62A;&#x6C1; &#x645;&#x642;&#x64A;&#x645;</subfield>
  </datafield>
  <datafield tag="246" ind1=" " ind2=" ">
    <subfield code="a">Deccan mein Tanz o Mizah ki Rawayat aur Mujtuba Hussain ki Khidmaat</subfield>
    <subfield code="b">by Shaista Muqeem</subfield>
  </datafield>
  <datafield tag="260" ind1=" " ind2=" ">
    <subfield code="a">&#x62F; &#x6BE;&#x644;&#x6CC;</subfield>
    <subfield code="b">&#x6A9;&#x62A;&#x627; &#x628;&#x6CC; &#x62F; &#x646;&#x64A;&#x627; </subfield>
    <subfield code="c">2013 &#x621;</subfield>
  </datafield>
  <datafield tag="270" ind1=" " ind2=" ">
    <subfield code="a">1955 &#x60C; &#x6AF;&#x644;&#x6CC; &#x646;&#x648; &#x627; &#x628; &#x645;&#x631; &#x632; &#x627; &#x645;&#x62D;&#x644;&#x644;&#x6C1; &#x642;&#x628;&#x631; &#x633;&#x62A;&#x627; &#x646;  &#x62A;&#x631; &#x6A9;&#x645;&#x627; &#x646; &#x6AF;&#x64A;&#x679; </subfield>
    <subfield code="b">&#x62F; &#x6BE;&#x644;&#x6CC;</subfield>
    <subfield code="e">110006</subfield>
    <subfield code="k">9313972589</subfield>
  </datafield>
  <datafield tag="300" ind1=" " ind2=" ">
    <subfield code="a">477&#x635;</subfield>
    <subfield code="c">22cm(Hb)</subfield>
  </datafield>
  <datafield tag="942" ind1=" " ind2=" ">
    <subfield code="2">ddc</subfield>
    <subfield code="c">UR</subfield>
    <subfield code="e"> </subfield>
    <subfield code="h">841.08</subfield>
    <subfield code="m">&#x634; &#x627; &#x621;</subfield>
  </datafield>
  <datafield tag="952" ind1=" " ind2=" ">
    <subfield code="0">0</subfield>
    <subfield code="1">0</subfield>
    <subfield code="2">ddc</subfield>
    <subfield code="4">0</subfield>
    <subfield code="7">0</subfield>
    <subfield code="8">NFIC</subfield>
    <subfield code="a">L</subfield>
    <subfield code="b">L</subfield>
    <subfield code="d">2014-09-29</subfield>
    <subfield code="e">BPPD/UR/2014-15/125/01-08-2014/BIll No.1469/14/08/2014 </subfield>
    <subfield code="g">400.00</subfield>
    <subfield code="l">3</subfield>
    <subfield code="m">1</subfield>
    <subfield code="o">841.08 &#x634; &#x627; &#x621;</subfield>
    <subfield code="p">B-547772</subfield>
    <subfield code="r">2022-08-24 00:00:00</subfield>
    <subfield code="s">2022-07-20</subfield>
    <subfield code="t">1</subfield>
    <subfield code="v">400.00</subfield>
    <subfield code="y">UR</subfield>
  </datafield>
  <datafield tag="952" ind1=" " ind2=" ">
    <subfield code="0">0</subfield>
    <subfield code="1">0</subfield>
    <subfield code="2">ddc</subfield>
    <subfield code="4">0</subfield>
    <subfield code="7">1</subfield>
    <subfield code="8">NFIC</subfield>
    <subfield code="a">DBAD</subfield>
    <subfield code="b">DBAD</subfield>
    <subfield code="d">2015-01-27</subfield>
    <subfield code="e">DBAD/PUB</subfield>
    <subfield code="g">400.00</subfield>
    <subfield code="l">0</subfield>
    <subfield code="o">841.08 &#x634; &#x627; &#x621;</subfield>
    <subfield code="p">U-7065</subfield>
    <subfield code="r">2015-01-27 00:00:00</subfield>
    <subfield code="t">1</subfield>
    <subfield code="v">400.00</subfield>
    <subfield code="w">2015-01-27</subfield>
    <subfield code="y">UR</subfield>
  </datafield>
  <datafield tag="952" ind1=" " ind2=" ">
    <subfield code="0">0</subfield>
    <subfield code="1">0</subfield>
    <subfield code="2">ddc</subfield>
    <subfield code="4">0</subfield>
    <subfield code="7">0</subfield>
    <subfield code="8">NFIC</subfield>
    <subfield code="a">AV</subfield>
    <subfield code="b">AV</subfield>
    <subfield code="d">2017-03-28</subfield>
    <subfield code="e">BPPD/UR/2014-15/125/01-08-2014/P.1638/6.3.17/8.3.17</subfield>
    <subfield code="g">400.00</subfield>
    <subfield code="l">0</subfield>
    <subfield code="o">841.08 &#x634; &#x627; &#x621;</subfield>
    <subfield code="p">B-665804</subfield>
    <subfield code="r">2017-03-28 00:00:00</subfield>
    <subfield code="t">1</subfield>
    <subfield code="v">400.00</subfield>
    <subfield code="w">2017-03-28</subfield>
    <subfield code="y">UR</subfield>
  </datafield>
</record>
